Before and After: Movies IV Quiz Stats

 Plays Quiz Updated Apr 20, 2015

Score 0/18 Timer 08:00
0 Plays Today
First Movie Hint Movie Before and After % Correct
Marlon Brando plays Vito Corleone, an aging Italian mob boss.The Godfather of the Bride
91.3%
Star Wars film in which Luke Skywalker finds his father, but loses his hand.Star Wars Episode V: The Empire Strikes Back to the Future
84.7%
George Clooney and friends stage heists in Europe.Ocean's 12 Angry Men
74.2%
Elephant hears a call for help from a speck of dust and helps out.Horton Hears a Who Framed Roger Rabbit
71.3%
London children fly to Neverland with the magical hero of their stories.Peter Pan's Labyrinth
68.7%
Former neo-Nazi tries to save his brother from following in his footsteps.American History X-Men
64.9%
Four boys try to find the body of a missing kid.Stand By Me, Myself and Irene
64.7%
The Caped Crusader and Boy Wonder go up against Poison Ivy and Mr. Freeze.Batman and Robin Hood Men in Tights
62.9%
Sandra Bullock saves a man from a train accident.While You Were Sleeping Beauty
61.3%
First Movie Hint Movie Before and After % Correct
A miner-turned-oilman does whatever it takes to be successful.There Will Be Blood Diamond
60.4%
Shane West finds love with pastor's daughter Mandy Moore.A Walk to Remember the Titans
54%
Young white lawyer defends a black man in the south.A Time to Kill a Mockingbird
42%
Josh Brolin stumbles upon 2 million dollars in drug money, mayhem ensues.No Country for Old Men in Black
40.1%
An African-American police detective is asked to investigate a murder in a racially hostile southern town.In the Heat of the Night at the Museum
39.6%
Hugh Grant proposes, unaware that his fiancée's father is a mobster.Mickey Blue Eyes Wide Shut
36.5%
Couple moves into new apartment with elderly neighbors and soon strange things happen.Rosemary's Baby Mama
30.9%
A couple's attitudes are challenged when their daughter introduces them to her African-American fiancé.Guess Who's Coming to Dinner For Schmucks
29.9%
Young New Yorker searches for key left behind by his father who died on 9/11.Extremely Loud and Incredibly Close Encounters of the Third Kind
29.1%

You're not logged in!

Compare scores with friends on all Sporcle quizzes.
OR
Log In

Sporcle TV

Today on Sporcle TV


Watch our educational content, quiz creation guides, and fun videos on Sporcle TV.

Show Comments

Extras

Top Quizzes Today


Score Distribution

Your Account Isn't Verified!

In order to create a playlist on Sporcle, you need to verify the email address you used during registration. Go to your Sporcle Settings to finish the process.

Report this User

Report this user for behavior that violates our Community Guidelines.

Details: